000 01270nam a22002897a 4500
001 7806
003 FISKH
005 20250811085357.0
008 250811b cb ||||| |||| 00| 0 eng d
040 _aFISKH
_beng
_cFISKH
_dFISKH
050 _a PZ7.S611155 S
082 _a828
100 _aRawson, Christopher
245 _aStories of princes and princesse /
_cChristopher Rawson ; Adapted by Lesley Sims ; Illustrated by Stephen Cartwright ; Reading consultant: Alison Kelly ; RoehamptonUniversity
250 _aThis edition first published in 2007
260 _aLondon :
_bUsborne,
_c1980
300 _a48 pages :
_bcolor illustrations ;
_c20 cm
505 _aG
520 _aPrinces and princesses go together like sea and sand. But what if you're the world's clumsiest prince? Or the smelliest? Or you're a princess who doesn't want to get married? Then things get a little tricky. Usborne Young Reading books combine good stories with easy reading text. Series One is for readers who have just started reading alone.
521 8 _a340
_bLexile
521 8 _aG
_bRaz-Plus
650 _2Usborne
_aPrincess
650 _2Beginning Level
_aYoung reader series
700 _aCartwright, Stephen
_dillustrator
942 _2ddc
_cBK
_n0
999 _c7806
_d7806